<?xml version="1.0" encoding="UTF-8"?>
<marc:record xmlns:marc="http://www.loc.gov/MARC21/slim">
   <marc:leader>00000nam a2200000 a 4500</marc:leader>
   <marc:datafield ind1="1" ind2=" " tag="100">
      <marc:subfield code="a">Glattauer, Daniel</marc:subfield>
      <marc:subfield code="4">aut</marc:subfield>
      <marc:subfield code="e">Verfasser/-in</marc:subfield>
   </marc:datafield>
   <marc:datafield ind1="0" ind2="0" tag="245">
      <marc:subfield code="a">Mama, jetzt nicht!</marc:subfield>
   </marc:datafield>
   <marc:datafield ind1="0" ind2="0" tag="245">
      <marc:subfield code="b">Kolumnen aus dem Alltag</marc:subfield>
   </marc:datafield>
   <marc:datafield ind1=" " ind2="1" tag="264">
      <marc:subfield code="a">Hamburg</marc:subfield>
      <marc:subfield code="b">Hörbuch Hamburg</marc:subfield>
      <marc:subfield code="c">2011</marc:subfield>
   </marc:datafield>
   <marc:datafield ind1="1" ind2=" " tag="520">
      <marc:subfield code="a">Angaben aus der Verlagsmeldung

Mama, jetzt nicht! : Kolumnen aus dem Alltag (Auswahl) / von Daniel Glattauer

In seinen Kolumnen aus dem Alltag würdigt Daniel Glattauer zeitgenössische kulinarische Phänomene (»Knackwurst-Carpaccio«) ebenso wie bislang in ihrer Bedeutung unterschätzte feierliche Anlässe (»Weltverdauungstag«), beschreibt die Tücken des öffentlichen Privatlebens im Handyzeitalter (»Sonja macht Schluss«) und stellt sich den ganz großen Daseinsfragen (»Es ist, wie es ist«). Daniel Glattauers messerscharfe Beobachtungsgabe und feine Ironie machen ihn zum Meister der kleinen Form.
</marc:subfield>
   </marc:datafield>
   <marc:datafield ind1=" " ind2=" " tag="020">
      <marc:subfield code="a">9783899033410</marc:subfield>
      <marc:subfield code="9">9783899033410</marc:subfield>
   </marc:datafield>
   <marc:datafield ind1=" " ind2=" " tag="020">
      <marc:subfield code="a">3899033418</marc:subfield>
      <marc:subfield code="9">3899033418</marc:subfield>
   </marc:datafield>
</marc:record>
